Spanish for dummies
Spanish For Dummies is the fun and easy way to learn Spanish quickly and painlessly! Written by the experts at the renowned Berlitz school, this hands-on resource shows you the ins and outs of the Spanish language and culture, acting as both a guidebook and a reference. Soon you will have all the to...
Spremljeno u:
| Glavni autor: | |
|---|---|
| Format: | Knjiga |
| Jezik: | Undetermined |
| Izdano: |
Hoboken, N.J.
Wiley Publishing, Inc.
2006
|
| Teme: | |
| Oznake: |
Dodaj oznaku
Bez oznaka, Budi prvi tko označuje ovaj zapis!
|
| Thư viện lưu trữ: | Trung tâm Học liệu Trường Đại học Cần Thơ |
|---|
| LEADER | 01287nam a2200217Ia 4500 | ||
|---|---|---|---|
| 001 | CTU_164130 | ||
| 008 | 210402s9999 xx 000 0 und d | ||
| 020 | |c 24.99 | ||
| 082 | |a 468.2421 | ||
| 082 | |b W157 | ||
| 100 | |a Wald, Susana | ||
| 245 | 0 | |a Spanish for dummies | |
| 245 | 0 | |c Susana Wald | |
| 260 | |a Hoboken, N.J. | ||
| 260 | |b Wiley Publishing, Inc. | ||
| 260 | |c 2006 | ||
| 520 | |a Spanish For Dummies is the fun and easy way to learn Spanish quickly and painlessly! Written by the experts at the renowned Berlitz school, this hands-on resource shows you the ins and outs of the Spanish language and culture, acting as both a guidebook and a reference. Soon you will have all the tools you need to: Master the nuts and bolts of grammar; Greet others and introduce yourself; Get to know people with small talk; Order in restaurants; Shop anywhere; Go out on the town; Enjoy yourself with local recreation; Have a conversation on the phone; Work in an office and around the house; Ask for directions; Check in and out of a hotel; Use transportation; Call for help in an emergency. | ||
| 650 | |a Spanish language,Spanish language | ||
| 650 | |x Textbooks for foreign speakers,Conversation | ||
| 904 | |i Loan, Giang | ||
| 980 | |a Trung tâm Học liệu Trường Đại học Cần Thơ | ||